Heritage / (Запис № 506204)

МАРК-запис
000 -LEADER
fixed length control field 01103cam a2200253Ia 4500
001 - CONTROL NUMBER
control field heritage00west
003 - CONTROL NUMBER IDENTIFIER
control field CaSfIA
005 - DATE AND TIME OF LATEST TRANSACTION
control field 20210118095938.0
007 - PHYSICAL DESCRIPTION FIXED FIELD--GENERAL INFORMATION
fixed length control field cr||||
008 - FIXED-LENGTH DATA ELEMENTS--GENERAL INFORMATION
fixed length control field 870618t19571955nyu 000 1 eng d
040 ## - CATALOGING SOURCE
Original cataloging agency UMS
Transcribing agency UMS
Modifying agency OCLCG
-- CaSfIA
035 ## - SYSTEM CONTROL NUMBER
System control number (OCoLC)15995486
090 ## - LOCALLY ASSIGNED LC-TYPE CALL NUMBER (OCLC); LOCAL CALL NUMBER (OCLC)
Classification number (OCLC) (R) ; Classification number, CALL (RLIN) (NR) PR6045.E763
Local cutter number (OCLC) ; Book number/undivided call number, CALL (RLIN) H4 1957
100 1# - MAIN ENTRY--PERSONAL NAME
Personal name West, Anthony,
Dates associated with a name 1914-1987.
245 10 - TITLE STATEMENT
Title Heritage /
Medium [electronic resource]
Statement of responsibility, etc by Anthony West.
250 ## - EDITION STATEMENT
Edition statement Cardinal ed.
260 ## - PUBLICATION, DISTRIBUTION, ETC. (IMPRINT)
Place of publication, distribution, etc New York :
Name of publisher, distributor, etc Pocket Books,
Date of publication, distribution, etc 1957, c1955.
300 ## - PHYSICAL DESCRIPTION
Extent 276 p. ;
Dimensions 18 cm.
506 ## - RESTRICTIONS ON ACCESS NOTE
Standardized terminology for access restriction Необхідна авторизація на https://archive.org/ (створення облікового запису безкоштовно)
506 ## - RESTRICTIONS ON ACCESS NOTE
Standardized terminology for access restriction Необхідна авторизація на https://openlibrary.org/ (створення облікового запису безкоштовно)
856 41 - ELECTRONIC LOCATION AND ACCESS
Uniform Resource Identifier <a href="http://www.archive.org/details/heritage00west">http://www.archive.org/details/heritage00west</a>
Public note Free eBook from the Internet Archive
856 42 - ELECTRONIC LOCATION AND ACCESS
Uniform Resource Identifier <a href="http://www.openlibrary.org/books/OL24209407M">http://www.openlibrary.org/books/OL24209407M</a>
Public note Additional information and access via Open Library
942 ## - ADDED ENTRY ELEMENTS (KOHA)
Koha item type ЕКнига

Немає доступних примірників.